| 000 | 00433nam a2200157Ia 4500 | ||
|---|---|---|---|
| 008 | 160916s9999 xx 000 0 und d | ||
| 040 | _aRBU, Central Library | ||
| 041 | _aEnglish | ||
| 082 |
_a796.4 _bI37 SBL |
||
| 100 | _aInch ,Thomas | ||
| 245 | 2 |
_aA Manual of Physical Training _cThomas Inch |
|
| 260 |
_bThorsons Publishers LTD _aLondon _c1947 |
||
| 300 | _a136P. | ||
| 650 | _aAthletic & outdoor sports & games | ||
| 942 | _cDB | ||
| 999 |
_c89024 _d89024 |
||